Score 0/12 Timer 05:00
0 Plays Today
% Correct
Sarah Palin (Game Change)
92.2%
Elizabeth I (Elizabeth I)
90.8%
Don King (Don King: Only in America)
69%
John Adams (John Adams)
66.7%
Julius Caesar (Rome)
63.9%
Spartacus (Spartacus: Blood and Sand)
56.2%
Winston Churchill (Into the Storm)
55%
Joseph Stalin (Stalin)
51.3%
Eleanor Roosevelt (Warm Springs)
48.5%
Nefertiti (Doctor Who)
38%
Harry S. Truman (Truman)
36.6%
Al Capone (Boardwalk Empire)
31.7%
Come Together.
Have Fun.
All Virtual.
We all need to come together. Play Sporcle's virtual live trivia to have fun, connect with people, and get your trivia on. Join a live hosted trivia game for your favorite pub trivia experience done virtually. If a virtual private party is more your thing, go here for details.

You're not logged in!

Compare scores with friends on all Sporcle quizzes.
OR
Log In

Sporcle TV

Today on Sporcle TV


Watch our educational content, quiz creation guides, and fun videos on Sporcle TV.

Show Comments

Extras

Top Quizzes Today


Score Distribution

Paid Content

Your Account Isn't Verified!

In order to create a playlist on Sporcle, you need to verify the email address you used during registration. Go to your Sporcle Settings to finish the process.

Report this User

Report this user for behavior that violates our Community Guidelines.

Details: